| 000 | 01084nas a2200337 4500 | ||
|---|---|---|---|
| 001 | BR0305310 | ||
| 003 | BR-BrBNA | ||
| 005 | 20231205104135.0 | ||
| 007 | ta | ||
| 008 | 230509b bl.|||p| |||| 00| 00por d | ||
| 040 |
_aBR-BrBNA _bpor _cBiblioteca Nacional de Agricultura |
||
| 041 | _a(Pt) | ||
| 072 | _aF07 | ||
| 100 | 1 | _aPinheiro, E.F.M. | |
| 100 | 1 | _aPereira, M.G. | |
| 100 | 1 | _aAnjos, L.H.C. dos | |
| 100 | 1 | _aPalmieri, F. | |
| 100 | 1 | _aSouza, R.C. de | |
| 245 | 1 | _aMatéria orgânica em latossolo vermelho submetido a diferentes sistemas de manejo e cobertura do solo | |
| 650 | _aLATOSSOLO VERMELHO | ||
| 650 | _aPLANTA OLEAGINOSA | ||
| 650 | _aMANEJO DO SOLO | ||
| 650 | _aCOBERTURA DO SOLO | ||
| 650 | _aMATÉRIA ORGÂNICA | ||
| 650 | _aCULTIVO MÍNIMO | ||
| 650 | _aFRAÇÃO DO SOLO | ||
| 773 | 0 |
_tRevista Brasileira de Agrociência (Brazil) _xISSN 0104-8996 _g(Jan-Mar 2003), v. 9(1) p. 53-56 _wBR0305310 |
|
| 856 | 4 | 0 | _uhttp://www.ufpel.tche.br/faem/agrociencia/v9n1/artigo10.htm |
| 909 |
_a202311 _bLúcia _c55 _dLúcia Elande |
||
| 942 |
_2AGRIS _n0 _cANA |
||
| 999 |
_c176583 _d176583 |
||